000 00285nam a22001337a 4500
008 170606b xxu||||| |||| 00| 0 eng d
020 _a0807813923
041 _aeng
080 _a32
100 _a18
101 _aSHP
245 _aRUSSIAN OFFICIALDOM
_cROWNEY,D.K
942 _2udc
_cBK
999 _c16198
_d16198